| 000 | 00367nam a22001457a 4500 | ||
|---|---|---|---|
| 999 |
_c7978 _d7978 |
||
| 003 | OSt | ||
| 005 | 20200612133513.0 | ||
| 008 | 200612b ||||| |||| 00| 0 eng d | ||
| 020 | _a9789353065751 | ||
| 082 |
_a624.17 _bSAL |
||
| 100 | _a Salvadori, Mario | ||
| 245 | _aStructure in architecture | ||
| 260 |
_aIndia _bPearson Education India _c10 Oct. 2019 |
||
| 942 | _2ddc | ||